000 00506nam a2200169 i 4500
001 146541
003 ES-MaACL
005 20250629063131.0
007 t|
008 070912s1946 sp ||||1| spa d
100 1 _aTovar, Antonio,
_d1911-1985
_9111167
245 1 0 _aGramática histórica latina
_b: sintaxis /
_cAntonio Tovar.
260 _aMadrid :
_b[s.n.],
_c1946 (
_fImp. S. Aguirre)
300 _aXV, 235 p. ;
_c24 cm.
852 _aES-MaACL
_jE-2087
_bR.23143
999 _c146541
_d146541